000 00713nam a2200253Ia 4500
003 OSt
005 20221007062623.0
006 a|||||r|||| 00| 0
007 ta
008 221006b |||||||| |||| 00| 0 eng d
024 _a42,898
037 _cTextual
040 _aFLL
_cFLL
_beng
041 _2eng
_aeng
082 _aB7193:Z2, Q6
100 _aD'souza M.
_9683076
245 0 _aForensic science in criminal trial and investigation
250 _a1st
260 _aAlllahabad
_bOrient Publishing Company India
_c2016
300 _acxliii,1488p
_ccm.
700 _a Kataria R.P.
_9683077
942 _hB7193:Z2, Q6
_cTEXL
_2CC
999 _c1129139
_d1129139